| 000 | 01204pam a2200373 i 4500 | ||
|---|---|---|---|
| 001 | vtls000882805 | ||
| 003 | PNM | ||
| 005 | 20210325120236.0 | ||
| 008 | 190813t20202020my ao e a001 0 may | ||
| 015 | _aM201-03332 | ||
| 020 |
_a9789834925628 _qpaperback _cRM30.00 |
||
| 039 | 9 |
_a202102091107 _birfah _c202101221738 _dnoorul _c202012040929 _dety _c201908161034 _dzuraidah_s |
|
| 040 |
_aBNM _beng _cBNM _dPNM _dPPAK _erda |
||
| 049 | _aklpmal | ||
| 082 | 0 | 4 |
_a612.75 _223 |
| 090 | 0 | 0 |
_a612.75 _bFAR _dG |
| 100 | 0 |
_aFarid Che Ghazali, _eauthor. |
|
| 245 | 1 | 0 |
_aBicara Tentang TULANG / _cFARID CHE GHAZALI |
| 264 | 1 |
_aKuala Lumpur : _bDewan Bahasa dan Pustaka, _c2020 |
|
| 264 | 4 | _c©2020 | |
| 300 |
_ax, 108 pages : _bcolour illustrations, colour photographs ; _c23 cm |
||
| 336 |
_atext _2rdacontent |
||
| 337 |
_aunmediated _2rdamedia |
||
| 338 |
_avolume _2rdacarrier |
||
| 500 | _aIncludes index | ||
| 504 | _aBibliography: pages 101-104 | ||
| 650 | 1 | 0 | _aBones |
| 650 | 2 | 0 | _aHuman skeleton |
| 650 | 2 | 0 |
_aGovernment publications _zMalaysia |
| 942 |
_2ddc _cB |
||
| 949 |
_61001421582 _e2675976 _s3712:20210122 |
||
| 949 |
_61001421583 _e2675977 |
||
| 949 |
_61001421584 _e2675978 _s3712:20210122 |
||
| 999 |
_c182963 _d182963 |
||